Statistiques concernant Pays avec le plus de restaurants 3 étoiles au Guide Michelin

Cliquez ici pour prendre le quiz!

Statistiques générales

  • Ce quiz a été pris 197 fois
    (195 depuis la dernière actualisation)
  • Le résultat moyen est 13 sur 17

Statistiques - réponses

NombreRéponse% Correct
14Etats-Unis
100%
27France
100%
9Italie
99%
11Espagne
98%
32Japon
97%
2Chine
94%
5Royaume-Uni
92%
18Allemagne
91%
3Suisse
80%
2Belgique
72%
1Suède
71%
3Pays-Bas
64%
1Norvège
60%
2Corée du Sud
59%
1Danemark
56%
1Monaco
44%
1Taïwan
31%

Distribution des résultats

Percentile par nombre de réponses

% des personnes avec chaque résultat

Votre développement - résultats

Vous n’avez pas pris ce quiz depuis la dernière actualisation